Agrarian legislation in India. V 1. 1793-1966 (Record no. 22463)

MARC details
000 -LEADER
fixed length control field 00365nam a2200133Ia 4500
082 ## - DEWEY DECIMAL CLASSIFICATION NUMBER
Classification number 331.456:631(540)
Item number WAD;1
100 ## - MAIN ENTRY--AUTHOR NAME
Personal name WADHWA, D C
245 #0 - TITLE STATEMENT
Title Agrarian legislation in India. V 1. 1793-1966
260 ## - PUBLICATION, DISTRIBUTION, ETC. (IMPRINT)
Place of publication Bombay
Name of publisher Orient Longman
Year of publication 1973
650 ## - SUBJECT ADDED ENTRY--TOPICAL TERM
Topical Term Agrarian structure
650 ## - SUBJECT ADDED ENTRY--TOPICAL TERM
Topical Term Agriculture
942 ## - ADDED ENTRY ELEMENTS (KOHA)
Koha item type Books
Holdings
Withdrawn status Lost status Damaged status Not for loan Home library Current library Date acquired Source of acquisition Full call number Accession Number Koha item type
        RRII Library RRII Library 16/12/2021 Auction 331.456:631(540) WAD;1 03183 Books